• 首页
  • 本馆介绍
  • 公告通知
  • 最新文献
  • 馆藏检索
  • 电子资源
  • 读者导购
  • 参考咨询
  • 我的图书馆
  • 登录
  • 详细信息显示
  • 放入我的书架
  • 预约/预借图书
  • 作者相关作品
  • 分类相关作品
  • 丛书相关作品
  • 出版社相关作品

书目信息

  • 表格格式
  • 工作单格式
  • 卡片格式
题名:
常微分方程与无穷级数
    
 
作者: ;北京大学数学力学系高等数学教材编写组 编
分册:  
出版信息: 北京   人民教育出版社  1978
页数: 223页
开本: 20cm
丛书名:
单 册:
中图分类: O173
科图分类:
主题词: 级数--高等学校--教材 , 常微分方程--高等学校--教材
电子资源:
ISBN:
000 00881nam0 2200253 45
001 0178005848
005 20070704180140.87
010    @dCNY0.63
091    @a13012.0161
100    @a19950725d1978 em y0chiy0121 ea
101 0  @achi
102    @aCN@b110000
105    @ay z 000yy
200 10 @a常微分方程与无穷级数@Achang wei fen fang cheng yu wu qiong ji shu@f北京大学数学力学系高等数学教材编写组编@Fbei jing da xue shu xue li xue xi gao deng shu xue jiao cai bian xie zu bian
210    @a北京@c人民教育出版社@d1978
215    @a223页@d20cm
300    @a高等学校试用教材
606    @a级数@x高等学校@x教材
606    @a常微分方程@x高等学校@x教材
610 0  @a无穷级数
690    @aO173@v3
711 02 @a北京大学数学力学系高等数学教材编写组@Abei jing da xue shu xue li xue xi gao deng shu xue jiao cai bian xie zu@4编
801  0 @aCN@bNLC@c20070704
905    @dO173@e4
    
    常微分方程与无穷级数/北京大学数学力学系高等数学教材编写组编.-北京:人民教育出版社,1978
    223页;20cm
    高等学校试用教材
    
    ISBN :CNY0.63
    
●
相关链接 在E读中查询图书 在五车中查询图书 在当当中查询图书 在豆瓣中查询图书


正题名:常微分方程与无穷级数     索取号:O173/4         预约/预借

序号 登录号 条形码 馆藏地/架位号 状态 备注
1 0000342   202307761   密集书库/ [索取号:O173/4] 在馆    
2 0000343   202307672   密集书库/ [索取号:O173/4] 在馆    
3 0000344   202307752   密集书库/ [索取号:O173/4] 在馆    
4 0000345   202307707   密集书库/ [索取号:O173/4] 在馆    
5 0000352   202307716   密集书库/ [索取号:O173/4] 在馆    
6 0000355   202307805   密集书库/ [索取号:O173/4] 在馆    
7 0000360   202307743   密集书库/ [索取号:O173/4] 在馆    
8 0430857   204308579   密集书库/ [索取号:O173/4] 在馆    
9 0430858   204308588   密集书库/ [索取号:O173/4] 在馆    
10 0454680   204546802   密集书库/ [索取号:O173/4] 在馆    
11 0454681   204546811   密集书库/ [索取号:O173/4] 在馆    
12 0454682   204546820   密集书库/ [索取号:O173/4] 在馆    
13 0461526   204615265   密集书库/ [索取号:O173/4] 在馆    
14 0765152   207651520   密集书库/ [索取号:O173/4] 在馆    
15 0768359   207683595   密集书库/ [索取号:O173/4] 在馆    
唐山师范学院图书馆 欢迎您!
大连网信软件有限公司© 版权所有